Football - Équipes entraînées par Carlo Ancelotti - Statistiques

Statistiques générales
  • Ce quiz a été pris 143 fois
  • Le résultat moyen est 9 sur 12
Answers on the Grid
Answers color-coded by a green-red scale on the quiz's grid according to % correct below.
AC Reggiana
Manchester United
Italie
Manchester City
Juventus de Turin
Al-Ittihad
Borussia Dortmund
AS Rome
Parme AC
Real Madrid
Olympique de Marseille
AC Milan
SSC Naples
Chelsea FC
Tottenham Hotspur Football Club
Everton FC
Paris Saint-Germain Football Club
Brésil
Olympique lyonnais
Bayern Munich
 
Statistiques - réponses
Réponse % Correct
Real Madrid
92%
AC Milan
89%
Brésil
88%
Paris Saint-Germain Football Club
87%
Bayern Munich
80%
Everton FC
74%
Chelsea FC
73%
SSC Naples
64%
Parme AC
57%
Juventus de Turin
54%
AC Reggiana
49%
Italie
46%
Aucun quiz correspondant
Distribution des résultats
% des personnes avec chaque résultat
Percentile par nombre de réponses
Votre historique - résultats
Vous n’avez pas pris ce quiz